| 000 | 01320nam a2200241Ia 4500 | ||
|---|---|---|---|
| 003 | Ost | ||
| 005 | 20260507075411.0 | ||
| 008 | 260507s9999||||xx |||||||||||||| ||und|| | ||
| 020 | _a9773283127 | ||
| 040 | _cfsecg | ||
| 041 | _aara | ||
| 082 | _a330 | ||
| 100 |
_aناصف، إيمان عطية _eمؤلف |
||
| 245 | 0 |
_aمبادئ الإقتصاد الدولي / _c إيمان عطية ناصف |
|
| 260 |
_aالاسكندرية: _bدار الجامعة الجديدة, _c2008 |
||
| 300 |
_a304 صفحة؛ _bإيضاحات ؛ _c24 سم |
||
| 520 | _aيضم طبيعة الاقتصاد الدولي، النظرية الكلاسيكية للتجارة الدولية، النظرية النيوكلاسيكية للتجارة الدولية، نظرية الهبات النسبية، تحديد معدل التبادل الدولي، سياسات التجارة الدولية، القيود غير الجمركية على التجارة الدولية، التكامل الاقتصادي، صور التكامل الاقتصادي والمداخلة، ميزان المدفوعات، سوق الصرف الأجنبي | ||
| 653 | _aالإقتصاد | ||
| 653 | _aالإقتصاد الدولي | ||
| 653 | _aالتجارة الخارجية | ||
| 653 | _aالتكامل الإقتصادي | ||
| 942 | _cكتاب | ||
| 999 |
_c44406 _d44406 |
||